[Event "Geller Memorial op-A 5th"]
[Site "Odessa"]
[Date "2009.08.22"]
[Round "3"]
[White "Promskij, Georgij"]
[Black "Spodyniuk, Viktor"]
[Result "1/2-1/2"]
[WhiteElo "2084"]
[BlackElo "1876"]
[PlyCount "123"]
[EventDate "2009.08.20"]
[EventType "swiss"]
[EventRounds "9"]
[EventCountry "UKR"]
[SourceTitle "CBM 132 Extra"]
[Source "ChessBase"]
[SourceDate "2009.11.03"]
[SourceVersion "1"]
[SourceVersionDate "2009.11.03"]
[SourceQuality "1"]

1. d4 Nf6 2. c4 e6 3. Nc3 Bb4 4. Qc2 c5 5. dxc5 Na6 6. a3 Bxc3+ 7. Qxc3 Nxc5 8. f3 a5 9. e4 d6 10. Be3 Qc7 11. Ne2 a4 12. Nd4 Bd7 13. Be2 0-0 14. 0-0 Rac8 15. Rfd1 Rfd8 16. Rac1 b6 17. Bg5 e5 18. Nb5 Bxb5 19. cxb5 Qe7 20. Qb4 h6 21. Be3 Nfd7 22. Bc4 Ra8 23. Rd2 Nb7 24. Rcd1 Ndc5 25. Bd5 Qc7 26. Kh1 Kh7 27. Qc4 Na5 28. Qc3 Ra7 29. f4 f6 30. Rc2 Qb8 31. Qe1 Rc7 32. fxe5 fxe5 33. Qh4 Rf8 34. g4 Rf3 35. Rc3 Qf8 36. Kg2 Rf6 37. g5 Rg6 38. Rf1 Qd8 39. Bf7 Rxf7 40. Rxf7 Qe8 41. Rf5 Qxb5 42. Bc1 Qe2+ 43. Kh3 Qxe4 44. Qxe4 Nxe4 45. Rd3 Nc4 46. gxh6 gxh6 47. Rf7+ Kg8 48. Rf1 Nc5 49. Rdf3 e4 50. Rf8+ Kh7 51. R1f7+ Rg7 52. Rf6 e3 53. Re8 Rg6 54. Rf7+ Rg7 55. Rff8 Nd3 56. Bxe3 Nxe3 57. Rxe3 Nxb2 58. Ra8 b5 59. Rb8 Nc4 60. Rf3 Rg5 61. Rb7+ Kg6 62. Rb8 1/2-1/2

[Event "UKR-ch"]
[Site "Alushta"]
[Date "2009.05.15"]
[Round "5"]
[White "Vatinyan, Gor"]
[Black "Promskij, Georgij"]
[Result "0-1"]
[WhiteElo "1951"]
[BlackElo "2094"]
[PlyCount "126"]
[EventDate "2009.05.11"]
[EventType "swiss"]
[EventRounds "9"]
[EventCountry "UKR"]
[SourceTitle "CBM 130 Extra"]
[Source "ChessBase"]
[SourceDate "2009.07.02"]
[SourceVersion "2"]
[SourceVersionDate "2009.07.15"]
[SourceQuality "1"]

1. e4 c6 2. d4 d5 3. Nc3 dxe4 4. Nxe4 Nd7 5. Nf3 Ngf6 6. Nxf6+ Nxf6 7. Ne5 Bf5 8. c3 e6 9. Be2 Be7 10. Qb3 Qc8 11. Bf4 0-0 12. 0-0 Be4 13. Rfe1 c5 14. Rad1 b6 15. Bg5 cxd4 16. Bb5 Bd5 17. c4 Bb7 18. Rxd4 Qc5 19. Rdd1 Ne4 20. Bxe7 Qxf2+ 21. Kh1 Nc3 22. Bc6 Bxc6 23. Nxc6 Nxd1 24. Rxd1 Rfc8 25. Qa4 Qe2 26. Nd8 h6 27. Qe8+ Kh7 28. Qd7 Rc7 29. Qd6 Rxe7 30. Rg1 Re8 31. Nxf7 Rf8 32. Qf4 Qxb2 33. Rf1 Qe2 34. h3 Rac8 35. Kh2 Qxc4 36. Qf2 Qc7+ 37. Kh1 Qc2 38. Qf3 Qg6 39. Qb7 Rc2 40. Kh2 Rxf7 41. Rxf7 Rxg2+ 42. Qxg2 Qxf7 43. Qc2+ Qf5 44. Qa4 a5 45. Qb3 Qe5+ 46. Kg1 Qd4+ 47. Kf1 e5 48. Kg2 e4 49. Qf7 Qf6 50. Qc4 Qf3+ 51. Kh2 h5 52. h4 Qf4+ 53. Kg2 Qxh4 54. Qc6 e3 55. Qxb6 Qg4+ 56. Kh2 Qf4+ 57. Kg2 e2 58. Qb1+ Kh6 59. Qb6+ g6 60. Qb2 e1Q 61. Qh8+ Kg5 62. Qd8+ Kg4 63. Qd1+ Qxd1 0-1

[Event "UKR-ch"]
[Site "Alushta"]
[Date "2009.05.12"]
[Round "2"]
[White "Promskij, Georgij"]
[Black "Cherednichenko, Svetlana"]
[Result "1/2-1/2"]
[WhiteElo "2094"]
[BlackElo "2361"]
[PlyCount "64"]
[EventDate "2009.05.11"]
[EventType "swiss"]
[EventRounds "9"]
[EventCountry "UKR"]
[SourceTitle "CBM 130 Extra"]
[Source "ChessBase"]
[SourceDate "2009.07.02"]
[SourceVersion "2"]
[SourceVersionDate "2009.07.15"]
[SourceQuality "1"]

1. d4 Nf6 2. c4 g6 3. Nc3 Bg7 4. e4 d6 5. Nge2 0-0 6. Ng3 c5 7. d5 e6 8. Be2 exd5 9. cxd5 a6 10. a4 Re8 11. 0-0 Nbd7 12. Be3 h5 13. Bg5 Qc7 14. Qd2 Kh7 15. h3 c4 16. Rac1 Rb8 17. b4 cxb3 18. Nb5 Qd8 19. Nxd6 Rf8 20. Qb4 Nxd5 21. exd5 Qxg5 22. Qxb3 b6 23. Rc7 Qe5 24. Nge4 Nc5 25. Rxc5 bxc5 26. Qxb8 Bg4 27. Qb7 Bxe2 28. Re1 Qd4 29. Ng5+ Kg8 30. Ndxf7 Qd2 31. Nh6+ Kh8 32. Nhf7+ Kg8 1/2-1/2